000
00226nam a2200097Ia 4500
008
190216s9999||||xx |||||||||||||| ||und||
100
_a
Beeran N V
245
0
_a
Kalanavum Jyamithiyum
260
_b
Kerala Basha Inst
942
_c
BK
999
_c
39561
_d
39561